| 000 | 03407nam0a2200409 4500 | ||
|---|---|---|---|
| 001 | RU\NLR\BIBL_A\011691032 | ||
| 005 | 20180531140539.0 | ||
| 010 |
_a978-5-9906438-6-4 _9100 |
||
| 021 |
_aRU _bКН-П-18-022403 _9КН-П-18-1631 |
||
| 035 | _a(NLR Aleph) 011691032 | ||
| 035 | _a(RuMoRGB)009584287 | ||
| 090 |
_a11338258 _c11338258 |
||
| 100 | _a20180428d2017 k y0rusy50 ca | ||
| 101 | 0 | _arus | |
| 102 | _aRU | ||
| 105 | _a |||z|||100zy | ||
| 200 | 1 |
_aРазвитие познавательной активности учащихся и студентов через научно-техническую и исследовательскую деятельность _eсборник статей по материалам IX и X областных научно-практических конференций им. Ф.А. Блинова (20 апреля 2017 года) _fМинистерство образования Саратовской области, Государственное автономное образовательное учреждение "Поволжский колледж технологий и менеджмента" _g[под ред. Е.Ю. Шепелевой и др.] |
|
| 210 |
_aБалаково _cПоволжский колледж технологий и менеджмента _d2017 |
||
| 215 |
_a287 с. _cил., табл. _d21 |
||
| 601 | 0 | 2 |
_aПоволжский колледж технологий и менеджмента _cБалаково, город; Саратовская область _2nlr_sh2 _3RU\NLR\AUTH\6601596069 |
| 606 | 1 |
_aОбразовательные учреждения _xНаучно-исследовательская работа учащихся _yСаратовская область _jСъезды, совещания и т.п _2nlr_sh2 _3RU\NLR\AUTH\6601596071 |
|
| 610 | 0 | _aисследовательская деятельность учащихся | |
| 610 | 0 | _aисследовательская деятельность студентов | |
| 610 | 0 | _aпознавательная активность | |
| 686 |
_aЧ31,6(2)268я431(2) _2rubbk |
||
| 686 | 1 | _aЧ474(2Р-4Са)7 | |
| 686 | 1 | _aЧ312.68я431 | |
| 702 | 1 |
_aШепелева _bЕ. Ю. _gЕлена Юрьевна _4340 |
|
| 711 | 1 | 2 |
_a"Развитие познавательной активности учащихся и студентов через научно-техническую и исследовательскую деятельность", областная научно-практическая конференция им. Ф. А. Блинова _d9 _f2016 _3RU\NLR\AUTH\880470288 |
| 711 | 1 | 2 |
_a"Развитие познавательной активности учащихся и студентов через научно-техническую и исследовательскую деятельность", областная научно-практическая конференция им. Ф. А. Блинова _d10 _f2017 _3RU\NLR\AUTH\880470291 |
| 712 | 0 | 2 |
_aПоволжский колледж технологий и менеджмента _cБалаково _3RU\NLR\AUTH\880420735 _4557 |
| 942 | _cBOOK | ||
| 980 | _aNBR | ||
| 980 | _aNB | ||